| 000 | 00510 a2200181 4500 | ||
|---|---|---|---|
| 001 | 068483 | ||
| 003 | OSt | ||
| 005 | 20220218121019.0 | ||
| 008 | |||
| 082 |
_a418.02 _bT68T |
||
| 245 | 1 |
_aTranslation and creativity _cedited by M. Perteghella and E. Loffredo |
|
| 260 |
_aLondon _bContinuum _c2007 |
||
| 300 | _a197p. | ||
| 653 | _aTranslating and interpreting; Creative writing | ||
| 700 |
_aPerteghella, M. _eEditor |
||
| 700 |
_aLoffredo, E. _eEditor |
||
| 942 |
_2ddc _cBK |
||
| 999 |
_c2145 _d2145 |
||